Представление документа в формате RUSMARC

ПолеНазваниеЗначение
  Тип записи a
  Библиографический уровень a
001 Контрольный номер RU/CBS_Ul/BASE/487181543
005 Дата корректировки 20240209175148.7
100 Данные общей обработки __
a Данные общей обработки 20150609d2015 ||| 0rusy0189 ca
101 Язык документа 0_
a Язык текста rus
102 Страна публикации __
a Страна публикации RU
105 Кодированные данные (монография) __
a Кодированные данные (монография) y###||||000|y
200 Заглавие и сведения об ответственности 1_
a Заглавие Логово врага : последние дни войны
b Общее обозначение материала Текст
e Сведения, относящиеся к заглавию [воспоминания ветерана Великой Отечественной войны Битянова Р.Д.]
f Первые сведения об ответственности Р. Битянов
300 Общие примечания __
a Общие примечания Ограничения по возрасту - 12+
461 Уровень набора _0
1 2000
a Бумеранг
463 Уровень физической единицы _0
1 001RU/CBS_Ul/BASE/487094077
1 2000
a № 4
v С. 34-37 : фото
1 210
d 2015
600 Персоналии _0
a Персоналии (Фамилия) Битянов
b Персоналии (Имя, инициалы) Р.Д.
606 Тематические рубрики 0_
a Основная рубрика Ветераны Великой Отечественной войны -1941-1945
y Географическая подрубрика Берлин, город (Германия)
610 Ключевые слова 0_
a Ключевые слова Великая Отечественная война
a Ключевые слова участники ВОВ
a Ключевые слова ветераны ВОВ
a Ключевые слова войны
686 Индексы других классификаций __
a Классификационный индекс 63.2(2)622.78
2 Код системы ББК
700 Автор _1
a Фамилия Битянов
b Имя (инициалы) Р.
801 Источник записи _0
a Страна RU
b Организация МБУК ЦБС г. Ульяновска
c Дата составления 20150609
g Правила каталогизации RCR
801 Источник записи _1
a Страна RU
b Организация МБУК ЦБС г. Ульяновска
c Дата составления 20150609
g Правила каталогизации RCR
901 Тип документа __
t Тип документа b
w Контрольный № источника RU/CBS_Ul/BASE/487094077
910 Корректоры записи __
a Корректор записи Библиотека 29
938 Служебная информация __
a Имя БД period